| 000 | 00884nam a2200301Ia 4500 | ||
|---|---|---|---|
| 001 | dia_4948 | ||
| 003 | CHAP | ||
| 005 | 20251027154126.0 | ||
| 008 | 220117s1989 xx 000 0 und d | ||
| 010 | _a175750 | ||
| 020 | _a1-85166-248-0 | ||
| 040 | _cCHAP | ||
| 082 | _a633.85 P38 1989 | ||
| 100 |
_aPatterson, H. B. W. _986241 |
||
| 245 |
_aHandling and storage of oilseeds, oils, fats and meal / _c H. B. W. Patterson |
||
| 260 |
_aEstados Unidos de América : _b Elsevier Applied Science, _c1989 |
||
| 300 | _axi, 394 p. | ||
| 503 | _aI. 0151179 | ||
| 504 | _aIncuye bibliografĂas | ||
| 650 |
_aAceites _9156567 |
||
| 650 |
_aGrasas _9157147 |
||
| 650 |
_aOils and Fats _9157148 |
||
| 650 |
_aOilseeds _9152851 |
||
| 901 | _a633.85 P38 1989 | ||
| 902 | _aM | ||
| 905 | _a5232271989 -usamn 8222223322eng16 | ||
| 942 |
_cLIBRO _2ddc |
||
| 999 |
_c175750 _d175750 |
||